000 00583nam a22001817a 4500
005 20141114104327.0
008 141114b xxu||||| |||| 00| 0 eng d
020 _a9789814624138
050 _aQH 308.2
_b.St796 2014
100 _aStarr, Cecie.
245 _aBiology :
_btoday and tomorrow /
_cCecie Starr, Christine A. Evers, and Lisa Starr.
250 _a4th ed.
_bPhilippne ed.
260 _aPasig City, Philippnes :
_bCENGAGE Learning,
_cc2014.
300 _a579 pages :
_billustrations ;
_c26 cm.
521 _aGeneral Education
650 _aBiology.
942 _2lcc
_cBK
_kFOR
999 _c276796
_d276796